Peter Pan Trivia - Statistics

General Stats
  • This quiz has been taken 29 times
  • The average score is 17 of 24
Answer Stats
Hint Answer % Correct
What animal is always trying to eat Hook? Crocodile
95%
Name of the eldest Darling child Wendy
95%
Name of Peter's nemesis Captain Hook
90%
What household item did the crocodile swallow along with Hook's hand? Clock
90%
What does Peter come looking for at the Darling house? His Shadow
90%
Directions to Neverland 'Second star to the...' Right
90%
Name of Peter's fairy sidekick Tinkerbell
90%
What does Wendy try to give Peter that Tinkerbell stops A Kiss
86%
What creatures try to drown Wendy? Mermaids
86%
What does Peter want Wendy to be to the Lost Boys? Mother
86%
Name of the dog who acts as a nanny Nana
86%
Name of Wendy's brothers John & Michael
76%
Captain Hook's first mate Mr Smee
76%
Wendy is told it's her last night in the.... Nursery
76%
What colour does the pirate ship turn when covered with pixie dust? Gold
71%
Year released by Walt Disney Pictures 1953
67%
Name of the pirate ship The Jolly Roger
67%
What does Hook send Peter disguised as a gift from Wendy? Bomb
52%
Peter spares Hook's life, only if he refers to himself as a... Codfish
52%
Author of the book the film is based on J.M. Barrie
52%
Who does Captain Hook take captive to find out where Peter's hideout is? Tiger Lily
52%
What song is sung when John, Michael and the Lost Boys go looking for Indians? Following the Leader
43%
What does Tinkerbell refer to Wendy as when she tells the Lost Boys to shoot her down? Wendybird
38%
What do the children use as buried treasure? Cufflinks
29%
No matching quizzes found
Score Distribution
Percent of People with Each Score
Percentile by Number Answered
Your Score History
You have not taken this quiz